Statistiken für Deutsche Fußballer bei Inter Mailand

Klicken Sie hier um das Quiz zu spielen!

Allgemein

  • Dieses Quiz wurde 107 mal gespielt
  • Das Durchschnittsergebnis liegt bei 4 aus 10

Antwortstatistiken

ZeitraumSpieler% Korrekt
2022-2023Robin Gosens
90%
1988-1992Lothar Matthäus
85%
1988-1992Andi Brehme
53%
1989-1992Jürgen Klinsmann
52%
2015Lukas Podolski
49%
1984-1987Karl-Heinz Rummenigge
41%
1992-1993Matthias Sammer
32%
2023-Yann-Aurel Bisseck
27%
1982-1984Hansi Müller
12%
1963-1964Horst Szymaniak
3%

Verteilung der Resultate

Perzentil nach korrekt beantworteten Fragen

Anzahl Personen mit jedem Resultat

Ihre Resultats-Entwicklung

Sie haben dieses Quiz noch nicht gespielt